La dignidad de la mujer hoy

Guardat en:
Dades bibliogràfiques
Autors principals: Serrano P., Sol (Autor), Aguirre V., María Elena (Autor)
Format: Llibre
Idioma:espanyol
Publicat: Santiago Universidad Católica de Chile 1989
Matèries:
Etiquetes: Afegir etiqueta
Sense etiquetes, Sigues el primer a etiquetar aquest registre!

MARC

LEADER 00000nam a2200000 a 4500
001 UCW5084
003 CL-VaPUC
008 901129e19890000CL |||||||||||||||||spa|d
082 0 4 |a 261.8344  |b SER  |2 21 
100 0 |a Serrano P., Sol  |e author  |9 309918 
700 0 |a Aguirre V., María Elena  |e author  |9 309919 
245 1 3 |a La dignidad de la mujer hoy 
300 |a 204 p 
942 |c BK 
945 |d 19901129 00:00:00 
260 |a Santiago  |b Universidad Católica de Chile  |c 1989 
600 0 |a Juan Pablo II  |9 309920 
650 7 |a MUJERES EN LA IGLESIA CATOLICA  |2 CL-VaPUC  |9 309921 
650 0 |a Mujeres condiciones sociales  |9 307717 
650 0 |a Documentos pontificios   |9 255642 
583 |a last modification  |c 19901129 00:00:00  |k Rodrigo Vera 
999 |c 218596  |d 218594 
952 |0 0  |1 0  |4 0  |6 261_834400000000000_SER_1989  |7 0  |8 A  |9 208376  |a BIBEDU  |b BIBEDU  |d 2019-11-15  |i 2763044  |o 261.8344 SER 1989  |p 2763044  |r 2019-11-15  |w 2019-11-15  |y BK  |k EDU 
952 |0 0  |1 0  |4 0  |6 261_834400000000000_SER_1989  |7 0  |8 A  |9 208377  |a BIBTEO  |b BIBTEO  |d 2019-11-15  |i 2763052  |o 261.8344 SER 1989  |p 2763052  |r 2025-01-17  |w 2019-11-15  |y BK  |k ICR